Zvýšenie minimálnej mzdy
Od 1. októbra 2001 bola nariadením vlády SR č. 411/2001 Z.z., ktorým sa ustanovuje výška minimálnej mzdy, zvýšená minimálna mzda. Právne dôsledky zmeny výšky minimálnej mzdy v nemocenskom poistení, na nárok na rodičovský príspevok, v dôchodkovom zabezpečení.
Guardado en:
| Autor principal: | |
|---|---|
| Otros Autores: | |
| Formato: | Capítulo de libro |
| Lenguaje: | eslovaco |
| Materias: | |
| Etiquetas: |
Sin Etiquetas, Sea el primero en etiquetar este registro!
|
MARC
| LEADER | 00000naa a2200000 4500 | ||
|---|---|---|---|
| 001 | r043337 | ||
| 005 | 20230925072600.1 | ||
| 041 | 0 | |a slo | |
| 044 | |a SK | ||
| 245 | 1 | 0 | |a Zvýšenie minimálnej mzdy |c Marek Blichár, Timea Vörösová |
| 520 | |a Od 1. októbra 2001 bola nariadením vlády SR č. 411/2001 Z.z., ktorým sa ustanovuje výška minimálnej mzdy, zvýšená minimálna mzda. Právne dôsledky zmeny výšky minimálnej mzdy v nemocenskom poistení, na nárok na rodičovský príspevok, v dôchodkovom zabezpečení. | ||
| 610 | 2 | 0 | |a mzdy minimálne |
| 610 | 2 | 0 | |a zákony |
| 610 | 2 | 0 | |a Slovensko |
| 610 | 2 | 0 | |a poistenie nemocenské |
| 610 | 2 | 0 | |a zabezpečenie dôchodkové |
| 610 | 2 | 0 | |a 2001 |
| 100 | 1 | |a Blichár, Marek | |
| 700 | 1 | |a Vörösová, Timea | |